Liquid–liquid core–shell configurable mesoscale spherical acoustic lens with subwavelength focusing; Applied Physics Express; Vol. 12, iss. 8

Podrobná bibliografie
Parent link:Applied Physics Express
Vol. 12, iss. 8.— 2019.— [087001, 5 р.]
Korporativní autor: Национальный исследовательский Томский политехнический университет Инженерная школа неразрушающего контроля и безопасности Отделение электронной инженерии
Další autoři: Perez-Lopez S. Sergio, Candelas P. Pilar, Fuster J. M. Jose Miguel, Rubio C. Constanza, Minin O. V. Oleg Vladilenovich, Minin I. V. Igor Vladilenovich
Shrnutí:Title screen
In this work, we present a lens based on a thin hollow ABS spherical container structure, which can be filled up with different compatible liquids. The acoustic jet can be dynamically shaped by either shifting the operating frequency or modifying the geometry of the lens. We show for the first time that a spherical Ethanol ABS core–shell acoustical lens immersed in water with low diameter-to-wavelength ratio equal to 6.67 and refraction index of 1.24 achieves a focusing spot narrower than 0.85?. Experimental measurements validate simulation results and demonstrate the viability of these configurable spherical lenses in underwater acoustic focusing applications.
Режим доступа: по договору с организацией-держателем ресурса
Jazyk:angličtina
Vydáno: 2019
Témata:
On-line přístup:https://doi.org/10.7567/1882-0786/ab2c7a
Médium: MixedMaterials Elektronický zdroj Kapitola
KOHA link:https://koha.lib.tpu.ru/cgi-bin/koha/opac-detail.pl?biblionumber=661228

MARC

LEADER 00000naa0a2200000 4500
001 661228
005 20250414141652.0
035 |a (RuTPU)RU\TPU\network\31492 
035 |a RU\TPU\network\27737 
090 |a 661228 
100 |a 20191125d2019 k||y0rusy50 ba 
101 0 |a eng 
102 |a GB 
135 |a drcn ---uucaa 
181 0 |a i  
182 0 |a b 
200 1 |a Liquid–liquid core–shell configurable mesoscale spherical acoustic lens with subwavelength focusing  |f S. Perez-Lopez [et al.] 
203 |a Text  |c electronic 
300 |a Title screen 
320 |a [References: 32 tit.] 
330 |a In this work, we present a lens based on a thin hollow ABS spherical container structure, which can be filled up with different compatible liquids. The acoustic jet can be dynamically shaped by either shifting the operating frequency or modifying the geometry of the lens. We show for the first time that a spherical Ethanol ABS core–shell acoustical lens immersed in water with low diameter-to-wavelength ratio equal to 6.67 and refraction index of 1.24 achieves a focusing spot narrower than 0.85?. Experimental measurements validate simulation results and demonstrate the viability of these configurable spherical lenses in underwater acoustic focusing applications. 
333 |a Режим доступа: по договору с организацией-держателем ресурса 
461 |t Applied Physics Express 
463 |t Vol. 12, iss. 8  |v [087001, 5 р.]  |d 2019 
610 1 |a электронный ресурс 
610 1 |a труды учёных ТПУ 
610 1 |a акустические волны 
610 1 |a жидкость-жидкость 
610 1 |a фокусировка 
701 1 |a Perez-Lopez  |b S.  |g Sergio 
701 1 |a Candelas  |b P.  |g Pilar 
701 1 |a Fuster  |b J. M.  |g Jose Miguel 
701 1 |a Rubio  |b C.  |g Constanza 
701 1 |a Minin  |b O. V.  |c physicist  |c professor of Tomsk Polytechnic University, Doctor of technical sciences  |f 1960-  |g Oleg Vladilenovich  |3 (RuTPU)RU\TPU\pers\44941 
701 1 |a Minin  |b I. V.  |c physicist  |c Senior researcher of Tomsk Polytechnic University, Doctor of technical sciences  |f 1960-  |g Igor Vladilenovich  |3 (RuTPU)RU\TPU\pers\37571 
712 0 2 |a Национальный исследовательский Томский политехнический университет  |b Инженерная школа неразрушающего контроля и безопасности  |b Отделение электронной инженерии  |3 (RuTPU)RU\TPU\col\23507 
801 2 |a RU  |b 63413507  |c 20220224  |g RCR 
850 |a 63413507 
856 4 |u https://doi.org/10.7567/1882-0786/ab2c7a 
942 |c CF